Tang dai fu shi yang sheng yan jiu /

Disimpan dalam:
Butiran Bibliografi
Pengarang Utama: Liao, Ruiyin.
Format: Buku
Bahasa:Chinese
Diterbitkan: Taibei Shi : Taiwan xue sheng shu ju, 2004.
Edisi:Chu ban.
Subjek-subjek:
Penanda-penanda: Tambah Penanda
Tiada Penanda, Jadilah orang pertama menanda rekod ini!
LEADER 00981nam a2200313Ia 4500
001 009446775-7
005 20060530151453.0
008 050605s2004 ch a b 000 0 chi d
020 |a 9571512184 
020 |a 9571512192 (pbk.) 
035 0 |a ocm60561348 
040 |a CUY  |c CUY  |d HMY 
043 |a a-cc--- 
050 4 |a QD26  |b .L537 2004 
100 1 |6 880-01  |a Liao, Ruiyin. 
245 1 0 |6 880-02  |a Tang dai fu shi yang sheng yan jiu /  |c Liao Ruiyin zhu. 
250 |6 880-03  |a Chu ban. 
260 |6 880-04  |a Taibei Shi :  |b Taiwan xue sheng shu ju,  |c 2004. 
300 |a viii, 448 p. :  |b ill. ;  |c 22 cm. 
504 |a Includes bibliographical references (p. 435-445). 
650 0 |a Alchemy  |z China  |x History. 
650 0 |a Elixir of life. 
880 1 |6 100-01  |a 廖芮茵. 
880 1 0 |6 245-02  |a 唐代服食養生研究 /  |c 廖芮茵著. 
880 |6 250-03  |a 初版. 
880 |6 260-04  |a 臺北市 :  |b 臺灣學生書局,  |c 2004. 
988 |a 20040903 
049 |a HMYC  |o d 
906 |0 OCLC